<?xml version="1.0" encoding="UTF-8"?>
<collection xmlns="http://www.loc.gov/MARC21/slim">
 <record>
  <leader>01719nam a22002417a 4500</leader>
  <controlfield tag="001">NCT_37162</controlfield>
  <controlfield tag="008">180526b        xxu||||| |||| 00| 0 vie d</controlfield>
  <datafield tag="999" ind1=" " ind2=" ">
   <subfield code="c">1794</subfield>
   <subfield code="d">1794</subfield>
  </datafield>
  <datafield tag="020" ind1=" " ind2=" ">
   <subfield code="a">9786045701331</subfield>
   <subfield code="c">30000</subfield>
  </datafield>
  <datafield tag="082" ind1="0" ind2="4">
   <subfield code="2">23rd ed.</subfield>
   <subfield code="a">335.4346</subfield>
   <subfield code="b">Qu451</subfield>
  </datafield>
  <datafield tag="100" ind1="1" ind2=" ">
   <subfield code="a">Nguyễn Ái Quốc</subfield>
  </datafield>
  <datafield tag="245" ind1="1" ind2="0">
   <subfield code="a">Đường Cách Mệnh</subfield>
   <subfield code="c">Nguyễn Ái Quốc</subfield>
  </datafield>
  <datafield tag="260" ind1=" " ind2=" ">
   <subfield code="a">H.</subfield>
   <subfield code="b">Chính trị Quốc gia Sự thật</subfield>
   <subfield code="c">2017</subfield>
  </datafield>
  <datafield tag="300" ind1=" " ind2=" ">
   <subfield code="a">113 tr.</subfield>
   <subfield code="c">21cm</subfield>
  </datafield>
  <datafield tag="520" ind1="3" ind2=" ">
   <subfield code="a">Tập hợp những bài giảng của Bác về quan điểm trong thời kỳ chuẩn bị về chính trị, tư tưởng và tổ chức tiến tới việc thành lập Đảng Cộng sản Việt Nam, đặt cơ sở tư tưởng cho đường lối của cách mạng Việt Nam</subfield>
  </datafield>
  <datafield tag="653" ind1=" " ind2=" ">
   <subfield code="a">Kinh tế chính trị</subfield>
  </datafield>
  <datafield tag="942" ind1=" " ind2=" ">
   <subfield code="2">ddc</subfield>
   <subfield code="c">BK</subfield>
  </datafield>
  <datafield tag="952" ind1=" " ind2=" ">
   <subfield code="0">0</subfield>
   <subfield code="1">0</subfield>
   <subfield code="2">ddc</subfield>
   <subfield code="4">0</subfield>
   <subfield code="6">335_434600000000000_QU451</subfield>
   <subfield code="7">0</subfield>
   <subfield code="9">8919</subfield>
   <subfield code="a">000001</subfield>
   <subfield code="b">000001</subfield>
   <subfield code="d">2018-05-26</subfield>
   <subfield code="o">335.4346 Qu451</subfield>
   <subfield code="p">MD.12172</subfield>
   <subfield code="r">2018-05-26</subfield>
   <subfield code="v">30000.00</subfield>
   <subfield code="w">2018-05-26</subfield>
   <subfield code="y">BK</subfield>
  </datafield>
  <datafield tag="952" ind1=" " ind2=" ">
   <subfield code="0">0</subfield>
   <subfield code="1">0</subfield>
   <subfield code="2">ddc</subfield>
   <subfield code="4">0</subfield>
   <subfield code="6">335_434600000000000_QU451</subfield>
   <subfield code="7">0</subfield>
   <subfield code="9">8920</subfield>
   <subfield code="a">000001</subfield>
   <subfield code="b">000001</subfield>
   <subfield code="d">2018-05-26</subfield>
   <subfield code="o">335.4346 Qu451</subfield>
   <subfield code="p">MD.12173</subfield>
   <subfield code="r">2018-05-26</subfield>
   <subfield code="v">30000.00</subfield>
   <subfield code="w">2018-05-26</subfield>
   <subfield code="y">BK</subfield>
  </datafield>
  <datafield tag="952" ind1=" " ind2=" ">
   <subfield code="0">0</subfield>
   <subfield code="1">0</subfield>
   <subfield code="2">ddc</subfield>
   <subfield code="4">0</subfield>
   <subfield code="6">335_434600000000000_QU451</subfield>
   <subfield code="7">0</subfield>
   <subfield code="9">8921</subfield>
   <subfield code="a">000001</subfield>
   <subfield code="b">000001</subfield>
   <subfield code="d">2018-05-26</subfield>
   <subfield code="l">1</subfield>
   <subfield code="o">335.4346 Qu451</subfield>
   <subfield code="p">MD.12174</subfield>
   <subfield code="r">2021-03-05</subfield>
   <subfield code="s">2021-03-04</subfield>
   <subfield code="v">30000.00</subfield>
   <subfield code="w">2018-05-26</subfield>
   <subfield code="y">BK</subfield>
  </datafield>
  <datafield tag="952" ind1=" " ind2=" ">
   <subfield code="0">0</subfield>
   <subfield code="1">0</subfield>
   <subfield code="2">ddc</subfield>
   <subfield code="4">0</subfield>
   <subfield code="6">335_434600000000000_QU451</subfield>
   <subfield code="7">0</subfield>
   <subfield code="9">8922</subfield>
   <subfield code="a">000001</subfield>
   <subfield code="b">000001</subfield>
   <subfield code="d">2018-05-26</subfield>
   <subfield code="o">335.4346 Qu451</subfield>
   <subfield code="p">MD.12175</subfield>
   <subfield code="r">2018-05-26</subfield>
   <subfield code="v">30000.00</subfield>
   <subfield code="w">2018-05-26</subfield>
   <subfield code="y">BK</subfield>
  </datafield>
  <datafield tag="952" ind1=" " ind2=" ">
   <subfield code="0">0</subfield>
   <subfield code="1">0</subfield>
   <subfield code="2">ddc</subfield>
   <subfield code="4">0</subfield>
   <subfield code="6">335_434600000000000_QU451</subfield>
   <subfield code="7">0</subfield>
   <subfield code="9">8923</subfield>
   <subfield code="a">000001</subfield>
   <subfield code="b">000001</subfield>
   <subfield code="d">2018-05-26</subfield>
   <subfield code="o">335.4346 Qu451</subfield>
   <subfield code="p">MD.12176</subfield>
   <subfield code="r">2018-05-26</subfield>
   <subfield code="v">30000.00</subfield>
   <subfield code="w">2018-05-26</subfield>
   <subfield code="y">BK</subfield>
  </datafield>
  <datafield tag="980" ind1=" " ind2=" ">
   <subfield code="a">Thư viện Trường Đại học Nam Cần Thơ</subfield>
  </datafield>
 </record>
</collection>
